000 00741nam a22002537a 4500
001 BR9606158
003 BR-BrBNA
005 20230928095311.0
007 ta
008 230509b bl.||||| |||| 00| 0 por d
040 _aBR-BrBNA
_bpor
_cBiblioteca Nacional de Agricultura
041 _a(Por)
072 _aC20; E13
090 _ C20 BR9606158
110 1 _aUniversidade Rural do Estado de Minas Gerais, Vicosa (Brasil). Centro de Ensino e Extensao
_911282
245 1 _aRelatorio do 12. curso pre-servico em extensao e credito rural
260 3 _aVicosa, MG (Brasil):
_c1964.
300 _a[vp]
650 _aExtensao Rural
650 _aCurso
650 _aCredito Rural
909 _a202309
_bLucia
_c55
_dLucia Elande
942 _cBK
999 _c55737
_d55737